000 01170nam a2200265Ia 4500
003 CO-CtgCURN
005 20250409210212.0
008 190723s9999 xx 000 0 und d
020 _a9583503991
040 _aCO-CtgCURN
_bspa
_ccoctgcurn
082 _a347.09
_bJ95c
100 _aJunco Vargas, Jose Roberto
245 0 _aLa conciliación :
_baspectos sustanciales y procesales /
_cJose Roberto Junco Vargas
250 _a4 edición
260 _aBogotá, Colombia :
_bEditorial Temis,
_c2002
300 _a469 páginas ;
_c23 centímetros
505 _aLa conciliación como institucion jurídica -- Aspectos jurídicos-sustanciales de la conciliación -- Aspectos jurídicos-procesales de la conciliación -- Tramite de la conciliación -- Problematica de la conciliación -- La conciliación en materia penal -- Casuistica de la conciliación
521 _aAREA PROFESIONAL
590 _aPrograma de Derecho_18
650 _aConciliación
650 _aSolucion de conflictos
942 _cBK
_h347.09
_iJ95c
999 _c29762
_d29762